| 000 | 01727nam2a22002771 4500 | ||
|---|---|---|---|
| 001 | v19\rc\1720347 | ||
| 005 | 20250619040639.0 | ||
| 035 | _a(NLR Aleph) 004818186 | ||
| 090 |
_a4992843 _c4992843 |
||
| 100 | _a20061002d1901 |||y0rusy50 ca | ||
| 101 | 0 | _arus | |
| 102 | _aRU | ||
| 105 | _ay z ||||| | ||
| 200 | 1 | _aУстав о гербовом сборе, обработанный в виде алфавитного перечня предметов обложения бумаг, актов и документов, подлежащих оплате гербовым сбором или изъятых от оного со всеми разъяснениями и распоряжениями | |
| 210 |
_d1901 _aБ. м. |
||
| 215 | _a[4], 308 с. | ||
| 461 | 0 |
_1001v19\rc\1720346 _12001#$aПолное практическое руководство и справочная книга к новому уставу о гербовом сборе в 2 частях$eИзд. неофиц.$fСост. К. Абрамович. Ч. 1-$vЧ. 1 _1700#1$aАбрамович$bК.Г.$gКопель Гиршевич$4220 _94992836 _aАбрамович, К.Г. _cСанкт-Петербург _d1901 _e2-е изд. _fСост. К. Абрамович. Ч. 1- _nтип. И. Гольдберга _oИзд. неофиц. _tПолное практическое руководство и справочная книга к новому уставу о гербовом сборе в 2 частях _vЧ. 1 |
|
| 801 | 0 |
_aRU _bNLR _gpsbo |
|
| 801 | 0 |
_aRU _bRuMoRGB _2psbo |
|
| 801 | 1 |
_aRU _bProSoft-M _2rusmarc |
|
| 852 |
_aNLR _j20.65.2.9 |
||
| 899 |
_aRuMoRGB _jA 263/665 |
||
| 899 |
_aRuMoRGB _jA 88/73 |
||
| 899 | _aБАН | ||
| 942 | _cBOOK | ||
| 980 | _aNB | ||